000 00478nam a2200181Ia 4500
001 3049
005 20260306144852.0
008 260306t1990||||xx |||||||||||||| ||spa||
041 _aESP
082 _a246.5
_bS86
100 _aSubira, Vicente Javier
_eAUT
245 0 _aEl adulterio:
_bcaminos de ida y vuelta: en defensa del matrimonio y de la familia
260 _c1990
300 _a183 páginas :
_c21 cm.
650 _aGEN
654 _aCHU
942 _cLIB
_dJUS
_fJUS
_2ddc
_n
999 _c3049
_d3049